| 000 | 01510nam a2200349Ia 4500 | ||
|---|---|---|---|
| 001 | ebr10082128 | ||
| 003 | CaPaEBR | ||
| 006 | m u | ||
| 007 | cr cn||||||||| | ||
| 008 | 030922s2003 enk sb 101 0 eng d | ||
| 010 | _z 2003065195 | ||
| 020 | _z0719067189 | ||
| 020 | _z0719067197 (pbk.) | ||
| 040 |
_aCaPaEBR _cCaPaEBR |
||
| 035 | _a(OCoLC)567961476 | ||
| 050 | 1 | 4 |
_aJN1129.L32 _bI58 2003eb |
| 082 | 0 | 4 |
_a324.24107 _222 |
| 245 | 0 | 0 |
_aInterpreting the Labour Party _h[electronic resource] : _bapproaches to Labour politics and history / _cedited by John Callaghan, Steven Fielding, Steve Ludlam. |
| 260 |
_aManchester ; _aNew York : _bManchester University Press ; _aNew York : _bDistributed exclusively in the USA by Palgrave, _c2003. |
||
| 300 | _ax, 210 p. | ||
| 500 | _aSelected papers from a conference in Manchester, July 2001. | ||
| 504 | _aIncludes bibliographical references and index. | ||
| 533 |
_aElectronic reproduction. _bPalo Alto, Calif. : _cebrary, _d2009. _nAvailable via World Wide Web. _nAccess may be limited to ebrary affiliated libraries. |
||
| 610 | 2 | 0 |
_aLabour Party (Great Britain) _xHistory _vCongresses. |
| 650 | 0 | _aPolitical science. | |
| 655 | 7 |
_aElectronic books. _2local |
|
| 700 | 1 |
_aCallaghan, John _q(John T.) |
|
| 700 | 1 |
_aFielding, Steven, _d1961- |
|
| 700 | 1 |
_aLudlam, Steve, _d1951- |
|
| 710 | 2 | _aebrary, Inc. | |
| 856 | 4 | 0 |
_uhttp://site.ebrary.com/lib/rucke/Doc?id=10082128 _zAn electronic book accessible through the World Wide Web; click to view |
| 999 |
_c55266 _d55266 |
||